[Event "Hart House Reading Week op U1600"]
[Site "Toronto CAN"]
[Date "2014.02.15"]
[Round "1"]
[White "Pishdad, Hassan"]
[Black "Wu, Nicholas"]
[Result "0-1"]
[WhiteElo "1075"]
[BlackElo "1395"]
[PlyCount "104"]
[EventDate "2014.02.15"]
[EventType "swiss"]
[EventRounds "6"]
[EventCountry "CAN"]

1. d4 d5 2. c4 e6 3. Nc3 Nf6 4. e3 c6 5. cxd5 exd5 6. Bd3 Be6 7. Nge2 Bd6 8. h3
O-O 9. O-O Qc7 10. Kh1 Re8 11. e4 dxe4 12. Nxe4 Nxe4 13. Bxe4 Bxh3 14. Bxh7+
Kxh7 15. gxh3 Qe7 16. Ng3 Nd7 17. Qd3+ Kg8 18. Nf5 Qe6 19. Nxd6 Qxd6 20. Rg1
Re6 21. Rg3 Rg6 22. Rxg6 Qxg6 23. Qxg6 fxg6 24. b4 Re8 25. Be3 Nf6 26. a4 Nd5
27. Rg1 Nxe3 28. Re1 Kf7 29. fxe3 Re4 30. Kg2 Kf6 31. Kf3 Kf5 32. Rc1 Rh4 33.
Kg3 Rh5 34. Rc5+ Ke4 35. Rc3 Rf5 36. h4 g5 37. hxg5 Rxg5+ 38. Kf2 Rf5+ 39. Ke2
g5 40. Rc5 Rxc5 41. bxc5 g4 42. a5 g3 43. a6 bxa6 44. d5 Kxd5 45. Kf3 a5 46.
Kxg3 Ke4 47. Kf2 a4 48. Ke2 a3 49. Kd2 a2 50. Kc2 a1=Q 51. Kd2 Qb2+ 52. Ke1
Kxe3 0-1

[Event "Hart House Reading Week op U1600"]
[Site "Toronto CAN"]
[Date "2014.02.15"]
[Round "2"]
[White "Zhang, Manxuan (Rebecca)"]
[Black "Pishdad, Hassan"]
[Result "1-0"]
[WhiteElo "1308"]
[BlackElo "1075"]
[PlyCount "110"]
[EventDate "2014.02.15"]
[EventType "swiss"]
[EventRounds "6"]
[EventCountry "CAN"]

1. e4 c5 2. Nc3 e6 3. f4 d5 4. Bb5+ Nc6 5. d3 d4 6. Nce2 Qa5+ 7. Bd2 Qxb5 8.
Rb1 Be7 9. Nf3 Nf6 10. O-O O-O 11. b3 Qb6 12. Qe1 a5 13. Qg3 Nb4 14. Rb2 Nh5
15. Qh3 g6 16. g4 e5 17. Nxe5 Bf6 18. Qf3 Ng7 19. Nc4 Qd8 20. f5 g5 21. Qh3 b5
22. Na3 Bd7 23. Qh6 Ne8 24. e5 Bxe5 25. Bxg5 f6 26. Bh4 Nd5 27. g5 fxg5 28.
Bxg5 Bf6 29. Bxf6 Rxf6 30. Qh5 Ng7 31. Qf3 Ne3 32. Rf2 Rxf5 33. Qe4 Rxf2 34.
Kxf2 Qf6+ 35. Qf4 Qxf4+ 36. Nxf4 Nd1+ 37. Ke2 Nxb2 38. Kd2 Rf8 39. Nd5 Rf1 40.
Ke2 Ra1 41. Nf6+ Kf7 42. Nxd7 b4 43. Nb5 Ne6 44. Ne5+ Kf6 45. Ng4+ Kg5 46. Nf2
Rxa2 47. Kd2 Ra1 48. Ke2 a4 49. bxa4 Nxa4 50. Kd2 Rf1 51. Ke2 Ra1 52. Kd2 Nc3
53. Ne4+ Nxe4+ 54. dxe4 Kf4 55. Ke2 Ra6 1-0

[Event "Hart House Reading Week op U1600"]
[Site "Toronto CAN"]
[Date "2014.02.16"]
[Round "3"]
[White "Pishdad, Hassan"]
[Black "Forsyth, Dane"]
[Result "0-1"]
[WhiteElo "1075"]
[BlackElo "1286"]
[PlyCount "50"]
[EventDate "2014.02.15"]
[EventType "swiss"]
[EventRounds "6"]
[EventCountry "CAN"]

1. d4 d5 2. c4 c6 3. cxd5 cxd5 4. Nc3 e6 5. a3 Bd6 6. Nf3 Ne7 7. g3 O-O 8. Bg2
Bd7 9. e4 Bc6 10. e5 Bc7 11. O-O Nd7 12. b4 Rb8 13. b5 Ba5 14. Bd2 Bxc3 15.
Bxc3 Bxb5 16. Re1 a5 17. a4 Ba6 18. Qb3 Nb6 19. Nd2 Nf5 20. f4 Rc8 21. Bh3 Nc4
22. Nxc4 Rxc4 23. Bxf5 exf5 24. Rac1 b5 25. axb5 Bxb5 0-1

[Event "Hart House Reading Week op U1600"]
[Site "Toronto CAN"]
[Date "2014.02.16"]
[Round "4"]
[White "Pobereshnikova, Agniya"]
[Black "Pishdad, Hassan"]
[Result "1-0"]
[WhiteElo "1458"]
[BlackElo "1075"]
[PlyCount "69"]
[EventDate "2014.02.15"]
[EventType "swiss"]
[EventRounds "6"]
[EventCountry "CAN"]

1. e4 c5 2. Nf3 e6 3. d4 cxd4 4. Nxd4 Nc6 5. Nc3 Bc5 6. Ndb5 d6 7. a4 a6 8. Na3
Nf6 9. Bd3 O-O 10. O-O d5 11. exd5 Nxd5 12. Bd2 Nf6 13. Nc4 Nb4 14. Ne4 Nxd3
15. Nxf6+ Qxf6 16. cxd3 Bd4 17. Qb3 e5 18. Bc3 Rb8 19. Rae1 Be6 20. Qc2 Bd5 21.
Nxe5 Bxe5 22. Bxe5 Qg6 23. f4 Rbc8 24. Qf2 Qf5 25. Qg3 f6 26. Bc3 Bb3 27. a5
Bc2 28. Re2 Qc5+ 29. Re3 Bxd3 30. Rd1 Rcd8 31. Kh1 Bb5 32. Rde1 Rf7 33. h3 Kf8
34. Re4 Bc6 35. Bb4 1-0

[Event "Hart House Reading Week op U1900"]
[Site "Toronto CAN"]
[Date "2014.02.15"]
[Round "1"]
[White "Ab-Barin, Hooshang"]
[Black "Armstrong, Robert J"]
[Result "0-1"]
[WhiteElo "1735"]
[BlackElo "1524"]
[PlyCount "60"]
[EventDate "2014.02.15"]
[EventType "swiss"]
[EventRounds "6"]
[EventCountry "CAN"]

1. e4 g6 2. d4 Bg7 3. Nf3 d6 4. Bc4 Nf6 5. Nbd2 Nxe4 6. Nxe4 d5 7. Bxd5 Qxd5 8.
Nc3 Qa5 9. O-O O-O 10. Re1 Re8 11. Bd2 Qb6 12. Na4 Qc6 13. c3 Bg4 14. Bf4 Bxf3
15. gxf3 b6 16. Re3 e6 17. b3 Nd7 18. Rc1 Rad8 19. c4 Nf6 20. h3 Nh5 21. d5 Qd7
22. Bh2 Bh6 23. Rd3 Bxc1 24. Qxc1 exd5 25. Kg2 d4 26. c5 b5 27. Nb2 c6 28. Rd2
Qf5 29. Rd3 Re2 30. b4 Rxb2 0-1

[Event "Hart House Reading Week op U1900"]
[Site "Toronto CAN"]
[Date "2014.02.15"]
[Round "2"]
[White "Stavropoulos, Greg"]
[Black "Armstrong, Robert J"]
[Result "0-1"]
[WhiteElo "1798"]
[BlackElo "1524"]
[PlyCount "29"]
[EventDate "2014.02.15"]
[EventType "swiss"]
[EventRounds "6"]
[EventCountry "CAN"]

1. c4 f5 2. Nc3 Nf6 3. Nf3 e6 4. g3 Be7 5. Bg2 O-O 6. O-O c5 7. Rb1 Nc6 8. Qc2
d5 9. d4 cxd4 10. Qa4 Qc7 11. e3 dxe3 12. Bxe3 f4 13. Bc1 Bd7 14. Qc2 Ne4 15.
Nxe4 0-1

[Event "Hart House Reading Week op U1900"]
[Site "Toronto CAN"]
[Date "2014.02.16"]
[Round "3"]
[White "Armstrong, Robert J"]
[Black "Gellner, Nicholas"]
[Result "0-1"]
[WhiteElo "1524"]
[BlackElo "1834"]
[PlyCount "97"]
[EventDate "2014.02.15"]
[EventType "swiss"]
[EventRounds "6"]
[EventCountry "CAN"]

1. g3 g6 2. Bg2 Bg7 3. c4 d6 4. Qb3 c6 5. Nc3 Na6 6. d3 Nf6 7. d4 O-O 8. Bf4
Nh5 9. Be3 e5 10. dxe5 dxe5 11. Nf3 Qe7 12. Ne4 f5 13. Bg5 Qb4+ 14. Nc3 e4 15.
Nh4 Be6 16. Qc2 Qxc4 17. a3 Nf6 18. Rc1 Nc5 19. O-O Nb3 20. Rcd1 Nd5 21. Rb1
Nd4 22. Qd2 Nxc3 23. bxc3 Nxe2+ 24. Kh1 b6 25. Bh6 Bxc3 26. Qd6 Bg7 27. Bxg7
Kxg7 28. Rfe1 Rad8 29. Qe7+ Bf7 30. Qxa7 Nc3 31. Bf1 Qa4 32. Qxa4 Nxa4 33. Rb4
b5 34. Rc1 Bd5 35. Ng2 Rf6 36. Ne3 Bf7 37. Kg2 Rd2 38. Bc4 Nb2 39. Bf1 Nd3 40.
Bxd3 Rxd3 41. a4 bxa4 42. Rxa4 Rfd6 43. Ra6 Be8 44. Nc4 R6d5 45. Nb6 Rb5 46.
Nc8 Rb2 47. Kh3 Rxf2 48. Ne7 Rdd2 49. Rh1 0-1

[Event "Hart House Reading Week op U1900"]
[Site "Toronto CAN"]
[Date "2014.02.16"]
[Round "4"]
[White "Armstrong, Robert J"]
[Black "Sobrepere, Josep"]
[Result "0-1"]
[WhiteElo "1524"]
[BlackElo "1794"]
[PlyCount "21"]
[EventDate "2014.02.15"]
[EventType "swiss"]
[EventRounds "6"]
[EventCountry "CAN"]

1. d4 Nf6 2. c4 e6 3. Nf3 Bb4+ 4. Bd2 O-O 5. Nc3 d6 6. e4 e5 7. d5 Nbd7 8. Bd3
Nh5 9. Ne2 f5 10. Nc3 fxe4 11. Nxe4 0-1

[Event "Hart House Reading Week op U1900"]
[Site "Toronto CAN"]
[Date "2014.02.17"]
[Round "5"]
[White "Song, Guangyu"]
[Black "Armstrong, Robert J"]
[Result "1/2-1/2"]
[WhiteElo "1797"]
[BlackElo "1524"]
[PlyCount "67"]
[EventDate "2014.02.15"]
[EventType "swiss"]
[EventRounds "6"]
[EventCountry "CAN"]

1. d4 f5 2. c4 Nf6 3. Nc3 e6 4. g3 Be7 5. Bg2 O-O 6. Nh3 c6 7. O-O d5 8. b3 Ne4
9. Bb2 Nd7 10. f3 Ng5 11. Nf4 Nf6 12. h4 Nf7 13. e4 fxe4 14. fxe4 dxe4 15. Nxe4
Nxe4 16. Bxe4 Nd6 17. Bc2 Nf5 18. Qd3 e5 19. Ne2 g6 20. h5 Qe8 21. g4 Nh4 22.
hxg6 Nxg6 23. Rxf8+ Qxf8 24. Rf1 Qh6 25. Qf3 Be6 26. d5 Rf8 27. Qg2 Bc5+ 28.
Bd4 Bxd4+ 29. Nxd4 Qe3+ 30. Kh2 Rxf1 31. Qxf1 exd4 32. dxe6 Qxe6 33. Bf5 Qe5+
34. Kh3 1/2-1/2

[Event "Hart House Reading Week op U1900"]
[Site "Toronto CAN"]
[Date "2014.02.17"]
[Round "6"]
[White "Wing, Richard"]
[Black "Armstrong, Robert J"]
[Result "0-1"]
[WhiteElo "1669"]
[BlackElo "152"]
[PlyCount "44"]
[EventDate "2014.02.15"]
[EventType "swiss"]
[EventRounds "6"]
[EventCountry "CAN"]

1. e4 g6 2. d4 Bg7 3. Nc3 d6 4. f4 Nf6 5. Nf3 O-O 6. Bd3 Nc6 7. O-O e5 8. Be3
Ng4 9. Qd2 Nxe3 10. Qxe3 exd4 11. Qd2 dxc3 12. bxc3 Bg4 13. Ne1 Qf6 14. Rb1
Rab8 15. h3 Bd7 16. Rb3 Na5 17. Ra3 b6 18. Nf3 Qe7 19. c4 d5 20. Rxa5 bxa5 21.
exd5 Qc5+ 22. Kh1 c6 0-1

[Event "January TNT"]
[Site "Winnipeg CAN"]
[Date "2014.01.07"]
[Round "1.4"]
[White "Babb, Jeff"]
[Black "Rutter, Blair"]
[Result "1-0"]
[WhiteElo "2166"]
[BlackElo "1901"]
[PlyCount "69"]
[EventDate "2014.01.07"]
[EventType "swiss"]
[EventRounds "4"]
[EventCountry "CAN"]

1. f4 d5 2. e3 c5 3. Nf3 Nc6 4. b3 Nf6 5. Bb5 Qb6 6. Bxc6+ Qxc6 7. Ne5 Qa6 8.
Bb2 g6 9. d3 Bg7 10. Nd2 O-O 11. O-O b5 12. a4 bxa4 13. Rxa4 Qb6 14. Qa1 Rd8
15. Bc3 Qb7 16. Ra5 d4 17. exd4 cxd4 18. Bxd4 Ng4 19. Ndf3 Qc7 20. c3 Rxd4 21.
cxd4 Qb6 22. Qa4 Nf6 23. Ng5 Be6 24. Nxe6 fxe6 25. Ra6 Qb7 26. Qc6 Qxc6 27.
Nxc6 Nd5 28. g3 Kf8 29. Rc1 Ke8 30. Kf2 Rc8 31. Re1 Nb6 32. Rxe6 Bf6 33. Ne5
Rc7 34. Rexb6 axb6 35. Ra8+ 1-0

[Event "January TNT"]
[Site "Winnipeg CAN"]
[Date "2014.01.07"]
[Round "1.4"]
[White "Baron, Gustav"]
[Black "Lipnowski, Samuel"]
[Result "0-1"]
[WhiteElo "1911"]
[BlackElo "2224"]
[PlyCount "46"]
[EventDate "2014.01.07"]
[EventType "swiss"]
[EventRounds "4"]
[EventCountry "CAN"]

1. d4 Nf6 2. c4 e6 3. g3 d5 4. Bg2 Be7 5. Nf3 O-O 6. O-O dxc4 7. Nbd2 c5 8.
Nxc4 Nc6 9. dxc5 Bxc5 10. b3 Qe7 11. Bb2 Rd8 12. Qc1 Bd7 13. a3 a5 14. Qg5 Ne8
15. Qxe7 Nxe7 16. Nxa5 Rxa5 17. b4 Rb5 18. Bc3 Bd6 19. a4 Rh5 20. g4 Rh6 21. h4
Nd5 22. Bd2 Rg6 23. h5 Rxg4 0-1

[Event "January TNT"]
[Site "Winnipeg CAN"]
[Date "2014.01.07"]
[Round "1.4"]
[White "Czypinski, Jaroslaw"]
[Black "Reimer, Bruce"]
[Result "1/2-1/2"]
[WhiteElo "1991"]
[BlackElo "1602"]
[PlyCount "133"]
[EventDate "2014.01.07"]
[EventType "swiss"]
[EventRounds "4"]
[EventCountry "CAN"]

1. Nf3 g6 2. e4 Bg7 3. d4 d6 4. Nc3 a6 5. Be3 b5 6. Bd3 Nd7 7. O-O Ngf6 8. e5
dxe5 9. dxe5 Ng4 10. e6 fxe6 11. Be4 Nxe3 12. fxe3 Rb8 13. Ng5 Ne5 14. Qe2 c6
15. Rad1 Qc7 16. a3 Bf6 17. Nf3 O-O 18. Nxe5 Bxe5 19. Rxf8+ Kxf8 20. Qf3+ Kg8
21. Bxc6 Bxh2+ 22. Kh1 Be5 23. Rf1 Bd7 24. Qf7+ Kh8 25. Qxe7 Bd6 26. Qxd7 Rd8
27. Qxe6 Be5 28. Be8 Qg7 29. Rf7 Qh6+ 30. Qh3 Qxh3+ 31. gxh3 Rxe8 32. Rf3 Kg7
33. Kg2 Rc8 34. e4 Rc4 35. Kf2 Bxc3 36. Rxc3 Rxe4 37. Rc6 Rf4+ 38. Kg3 Rf6 39.
Rc7+ Rf7 40. Rc5 Re7 41. Kf3 Kf6 42. c4 bxc4 43. Rxc4 Re5 44. Rc6+ Re6 45. Rc4
g5 46. b4 h5 47. a4 Rb6 48. Ke4 Re6+ 49. Kf3 Kf5 50. Rc5+ Re5 51. Rc8 g4+ 52.
hxg4+ hxg4+ 53. Kf2 Re4 54. Rf8+ Ke5 55. Rb8 Kd4 56. Rc8 Kd3 57. Rb8 Kc3 58. b5
Rxa4 59. b6 Rb4 60. b7 Kb3 61. Ra8 Rxb7 62. Rxa6 Rc7 63. Kg3 Rc4 64. Rd6 Kc3
65. Rd1 Kc2 66. Rd8 Kc3 67. Rd7 1/2-1/2

[Event "January TNT"]
[Site "Winnipeg CAN"]
[Date "2014.01.07"]
[Round "1.4"]
[White "Klokow, John"]
[Black "Kernetsky, Myron"]
[Result "0-1"]
[WhiteElo "1824"]
[BlackElo "2050"]
[PlyCount "126"]
[EventDate "2014.01.07"]
[EventType "swiss"]
[EventRounds "4"]
[EventCountry "CAN"]

1. e4 e6 2. d4 d5 3. Nc3 Nf6 4. Bg5 Bb4 5. a3 Bxc3+ 6. bxc3 dxe4 7. Bc4 Nbd7 8.
Ne2 c5 9. Ng3 Qa5 10. Bd2 b5 11. Ba2 c4 12. O-O Bb7 13. Qe2 Qc7 14. Rfb1 Qc6
15. Be3 O-O 16. Rb2 a6 17. Rab1 Nb6 18. Bg5 Nbd5 19. Bxf6 Nxf6 20. Bxc4 Rac8
21. Rb4 Ba8 22. Bb3 Qxc3 23. Qe1 Qxe1+ 24. Rxe1 Bc6 25. Ba2 Rfd8 26. Ne2 Bd5
27. Bb1 Bc4 28. g3 Nd5 29. Rb2 f5 30. h4 Nb6 31. Ba2 Kf7 32. Bxc4 Rxc4 33. c3
Rdc8 34. Rb3 g6 35. Kg2 h6 36. Kh3 Nd5 37. Rc1 g5 38. g4 f4 39. h5 Ke7 40. Kh2
f3 41. Ng3 Nf6 42. Kh3 Rxd4 43. cxd4 Rxc1 44. d5 Nxd5 45. Nxe4 Rc4 46. Nd2 Rc2
47. Ne4 Rc4 48. Nd2 Rc3 49. Kg3 Rxb3 50. Nxb3 Kd6 51. Kxf3 Nb6 52. Ke4 Nc4 53.
a4 bxa4 54. Na1 e5 55. Kd3 Kc5 56. Kc3 Nd6 57. f3 Nb5+ 58. Kd3 Kd5 59. Ke3 Nd4
60. Kf2 Kc4 61. Ke3 Kd5 62. Kf2 a3 63. Ke3 a2 0-1

[Event "January TNT"]
[Site "Winnipeg CAN"]
[Date "2014.01.07"]
[Round "1.4"]
[White "Korenbaum, Max"]
[Black "Atem, James"]
[Result "0-1"]
[WhiteElo "1285"]
[BlackElo "1952"]
[PlyCount "66"]
[EventDate "2014.01.07"]
[EventType "swiss"]
[EventRounds "4"]
[EventCountry "CAN"]

1. e4 c5 2. Nf3 d6 3. Bb5+ Bd7 4. Bxd7+ Nxd7 5. c4 e6 6. d3 Qb6 7. O-O Be7 8.
Nc3 Ngf6 9. Qc2 a6 10. Bf4 e5 11. Bg5 h6 12. Bxf6 Nxf6 13. Na4 Qa5 14. Qb3 b5
15. cxb5 axb5 16. Nc3 Rb8 17. a3 O-O 18. Rfb1 Rfc8 19. a4 c4 20. dxc4 bxc4 21.
Qc2 g6 22. g3 Rb3 23. Nd1 Rxf3 24. Qc1 Nxe4 25. Qxh6 Qe1+ 26. Kg2 Rxf2+ 27.
Nxf2 Qxf2+ 28. Kh3 Ng5+ 29. Kh4 Qxh2+ 30. Kg4 Qxh6 31. Rh1 Qg7 32. a5 c3 33.
bxc3 Rc4# 0-1

[Event "January TNT"]
[Site "Winnipeg CAN"]
[Date "2014.01.07"]
[Round "1.4"]
[White "Leaden, Bruce"]
[Black "Platt, Alex"]
[Result "0-1"]
[WhiteElo "1600"]
[BlackElo "1975"]
[PlyCount "48"]
[EventDate "2014.01.07"]
[EventType "swiss"]
[EventRounds "4"]
[EventCountry "CAN"]

1. e4 Nf6 2. e5 Nd5 3. Nc3 Nxc3 4. bxc3 g6 5. Nf3 Bg7 6. d4 d6 7. Ba3 O-O 8.
Bc4 Nc6 9. h3 dxe5 10. O-O exd4 11. cxd4 Nxd4 12. Nxd4 Qxd4 13. Qxd4 Bxd4 14.
Rad1 Bf6 15. Rfe1 Re8 16. Bd5 c6 17. Bf3 Be6 18. Rxe6 fxe6 19. Rd7 Rab8 20. Bc1
Red8 21. Rxd8+ Rxd8 22. Kf1 Rd4 23. Ke2 Ra4 24. a3 Be5 0-1

[Event "January TNT"]
[Site "Winnipeg CAN"]
[Date "2014.01.07"]
[Round "1.4"]
[White "Swift, Ryne"]
[Black "Trueman, Francis"]
[Result "1-0"]
[WhiteElo "1975"]
[BlackElo "1500"]
[PlyCount "37"]
[EventDate "2014.01.07"]
[EventType "swiss"]
[EventRounds "4"]
[EventCountry "CAN"]

1. e4 c5 2. Nf3 Nc6 3. d4 e6 4. Nc3 Nf6 5. Be3 d5 6. dxc5 Qa5 7. Qd2 Ng4 8.
exd5 Nxe3 9. fxe3 exd5 10. Nxd5 Qxd2+ 11. Nxd2 Kd7 12. Nb3 Ne5 13. O-O-O Kc6
14. Na5+ Kxc5 15. b4+ Kd6 16. Nb6+ Kc7 17. Nxa8+ Kb8 18. Rd8 b6 19. Ba6 1-0

[Event "January TNT"]
[Site "Winnipeg CAN"]
[Date "2014.01.07"]
[Round "1.4"]
[White "Wasserman, Leor"]
[Black "Einarsson, Ken"]
[Result "1-0"]
[WhiteElo "2021"]
[BlackElo "1754"]
[PlyCount "51"]
[EventDate "2014.01.07"]
[EventType "swiss"]
[EventRounds "4"]
[EventCountry "CAN"]

1. e4 c6 2. d4 d5 3. exd5 cxd5 4. c4 Nf6 5. Nc3 Bf5 6. Qb3 Nc6 7. cxd5 Na5 8.
Qa4+ Bd7 9. Bb5 a6 10. Bxd7+ Nxd7 11. Nf3 b5 12. Qc2 Rc8 13. b4 Nc4 14. O-O Nf6
15. Qf5 Nb6 16. Bd2 Nbxd5 17. Nxd5 Nxd5 18. Ne5 Nf6 19. d5 g6 20. Qh3 Nxd5 21.
Rad1 e6 22. Rfe1 Bg7 23. Nxf7 Kxf7 24. Qxe6+ Kf8 25. Bg5 Bf6 26. Rxd5 1-0

[Event "January TNT"]
[Site "Winnipeg CAN"]
[Date "2014.01.07"]
[Round "1.4"]
[White "Wolchock, Theo"]
[Black "Clark, Jeff"]
[Result "1/2-1/2"]
[WhiteElo "1727"]
[BlackElo "1998"]
[PlyCount "80"]
[EventDate "2014.01.07"]
[EventType "swiss"]
[EventRounds "4"]
[EventCountry "CAN"]

1. c4 Nf6 2. g3 g6 3. Bg2 Bg7 4. Nc3 O-O 5. d4 d6 6. e3 Nbd7 7. Nge2 e5 8. O-O
c6 9. d5 cxd5 10. cxd5 Qe7 11. e4 h6 12. f4 exf4 13. Bxf4 Nh5 14. Qd2 Nxf4 15.
Nxf4 Ne5 16. Rae1 b6 17. Kh1 Ba6 18. Rg1 Rac8 19. Rc1 Nc4 20. Qf2 Ne5 21. Bf1
Bxf1 22. Qxf1 Nc4 23. Qe2 Rfe8 24. Rge1 Qf6 25. b3 Ne5 26. Nb5 Qe7 27. Qe3 Ng4
28. Qf3 Rxc1 29. Rxc1 Qxe4 30. Qxe4 Rxe4 31. Nxd6 Rd4 32. Rc8+ Kh7 33. Nxf7 Ne3
34. Kg1 Nxd5 35. Nxd5 Rxd5 36. Rd8 Ra5 37. Rd2 Bc3 38. Rc2 Kg7 39. Nd6 Rd5 40.
Nc4 Rd1+ 1/2-1/2

[Event "January TNT"]
[Site "Winnipeg CAN"]
[Date "2014.01.14"]
[Round "2.4"]
[White "Atem, James"]
[Black "Clark, Jeff"]
[Result "0-1"]
[WhiteElo "1952"]
[BlackElo "1998"]
[PlyCount "104"]
[EventDate "2014.01.07"]
[EventType "swiss"]
[EventRounds "4"]
[EventCountry "CAN"]

1. e4 Nf6 2. e5 Nd5 3. d4 d6 4. c4 Nb6 5. exd6 exd6 6. Nf3 Be7 7. Bd3 O-O 8.
O-O N8d7 9. a4 Nf6 10. a5 Nbd7 11. Qc2 Re8 12. Nc3 Nf8 13. h3 d5 14. c5 c6 15.
b4 a6 16. Re1 Ne6 17. Na4 Qc7 18. Nb6 Rb8 19. g3 Bf8 20. Bd2 Bd7 21. Kg2 g6 22.
Re2 Bg7 23. Rae1 Rbd8 24. Qc3 Bc8 25. Ng5 Ne4 26. Bxe4 Nxd4 27. Bf4 Qe7 28.
Nxc8 Rxc8 29. Qxd4 Bxd4 30. Bxd5 Qxe2 31. Bxf7+ Kh8 32. Rxe2 Rxe2 33. Ne6 Rxf2+
34. Kh1 Rxf4 35. Nxf4 Rf8 36. Be6 Bc3 37. Nd3 Rd8 38. Nf4 Bxb4 39. Bg4 Bxa5 40.
Ne6 Rd2 41. Ng5 Bb4 42. Bc8 a5 43. Bxb7 a4 44. Bxc6 a3 45. Ne4 Rd1+ 46. Kg2 a2
47. Nf2 Rd2 48. Bb5 Bxc5 49. h4 a1=Q 50. Kh3 Rxf2 51. Bc6 h5 52. Be4 Qf1+ 0-1

[Event "January TNT"]
[Site "Winnipeg CAN"]
[Date "2014.01.14"]
[Round "2.4"]
[White "Einarsson, Ken"]
[Black "Korenbaum, Max"]
[Result "1-0"]
[WhiteElo "1754"]
[BlackElo "1285"]
[PlyCount "37"]
[EventDate "2014.01.07"]
[EventType "swiss"]
[EventRounds "4"]
[EventCountry "CAN"]

1. d4 d5 2. c4 e6 3. Nc3 Bb4 4. Bd2 Bxc3 5. Bxc3 Nf6 6. e3 O-O 7. Nf3 Nc6 8.
Qc2 Bd7 9. Bd3 g6 10. cxd5 Nxd5 11. Bd2 Ndb4 12. Qb3 Nxd3+ 13. Qxd3 Qe7 14. e4
Nb4 15. Qc3 Nc6 16. O-O Rad8 17. Bh6 Rfe8 18. d5 Nb8 19. Qg7# 1-0

[Event "January TNT"]
[Site "Winnipeg CAN"]
[Date "2014.01.14"]
[Round "2.4"]
[White "Faraj, Raphael"]
[Black "Czypinski, Jaroslaw"]
[Result "0-1"]
[WhiteElo "1578"]
[BlackElo "1991"]
[PlyCount "214"]
[EventDate "2014.01.07"]
[EventType "swiss"]
[EventRounds "4"]
[EventCountry "CAN"]

1. d4 Nf6 2. Bf4 e6 3. Nf3 Be7 4. e3 b6 5. Bd3 Bb7 6. O-O d6 7. Nbd2 Nbd7 8.
Bc4 Nh5 9. Re1 Nxf4 10. exf4 O-O 11. c3 Nf6 12. Ng5 Bd5 13. Bd3 h6 14. Nge4
Nxe4 15. Bxe4 Bxe4 16. Nxe4 d5 17. Ng3 Bd6 18. Qf3 g6 19. Re3 Qh4 20. Ne2 Qf6
21. Qg4 h5 22. Qf3 c5 23. Rd1 cxd4 24. cxd4 Rac8 25. Rc3 Rxc3 26. bxc3 Rc8 27.
Rd3 Rc4 28. g3 Ra4 29. Nc1 Qf5 30. h4 b5 31. Qe2 Ra3 32. Kg2 a6 33. Nb3 b4 34.
cxb4 Bxb4 35. Nc1 a5 36. Rb3 Rxb3 37. axb3 Qb1 38. Qe3 Qc2 39. Ne2 Bd2 40. Qf3
Kf8 41. Kh3 Ke7 42. g4 hxg4+ 43. Kxg4 Qf5+ 44. Kg3 Kd6 45. Kg2 Qe4 46. Kg3
Qxf3+ 47. Kxf3 f6 48. Kg4 Ke7 49. Ng3 Be1 50. Kf3 Kf7 51. Ke2 Bc3 52. Kd3 Bb4
53. h5 Kg7 54. Ke3 gxh5 55. Nxh5+ Kg6 56. Ng3 Bc3 57. Kd3 Bb4 58. Ne2 Kf5 59.
f3 Ba3 60. Kd2 Bb4+ 61. Ke3 Bd6 62. Ng3+ Kg6 63. Kf2 Bxf4 64. Ne2 Bd6 65. Ke3
Bb4 66. Nf4+ Kf7 67. Ne2 Ke7 68. Nf4 Bd6 69. Nd3 Ba3 70. Kd2 Kd6 71. Kc3 Kc6
72. Nf4 Kd6 73. Nd3 Kc6 74. Nf4 Kd7 75. Nh5 Ke7 76. Nf4 Bb4+ 77. Kd3 Ba3 78.
Ne2 Kd6 79. Nf4 Bb4 80. Ng6 Be1 81. Nf4 Bg3 82. Ne2 Bh4 83. Kc2 Bg5 84. Kb2 Kc6
85. Ka3 Kb6 86. b4 axb4+ 87. Kxb4 Bd2+ 88. Kb3 Kb5 89. Kc2 Be3 90. Kd3 Bg5 91.
Ng3 Kc6 92. Ne2 Kd7 93. f4 Bh6 94. Ke3 Ke7 95. Ng3 Kd6 96. Kf3 Bf8 97. Nh5 Ke7
98. Kg4 Kf7 99. f5 e5 100. dxe5 fxe5 101. Kf3 Bc5 102. Ke2 e4 103. Nf4 d4 104.
Nd5 d3+ 105. Kd2 Ke8 106. Nf6+ Ke7 107. Nxe4 Bb4+ {and White's flag fell} 0-1

[Event "January TNT"]
[Site "Winnipeg CAN"]
[Date "2014.01.14"]
[Round "2.4"]
[White "Kernetsky, Myron"]
[Black "Swift, Ryne"]
[Result "1/2-1/2"]
[WhiteElo "2050"]
[BlackElo "1975"]
[PlyCount "114"]
[EventDate "2014.01.07"]
[EventType "swiss"]
[EventRounds "4"]
[EventCountry "CAN"]

1. d4 d5 2. Nf3 Nf6 3. Bg5 e6 4. Nbd2 Be7 5. e3 O-O 6. Bd3 b6 7. Qe2 c5 8. c3
Nbd7 9. Ne5 Nxe5 10. dxe5 Nd7 11. Bf4 f5 12. exf6 Bxf6 13. Nf3 e5 14. Nxe5 Bxe5
15. Bxe5 Nxe5 16. Bxh7+ Kxh7 17. Qh5+ Kg8 18. Qxe5 Rf5 19. Qg3 Be6 20. h4 Qf6
21. Rd1 Rf8 22. f3 Qe5 23. Qxe5 Rxe5 24. Kf2 Bf7 25. Rhe1 Rfe8 26. b3 Rd8 27.
Rd2 Rb8 28. g4 b5 29. h5 b4 30. cxb4 Rxb4 31. Rc1 Rb5 32. Rc3 Re7 33. Rdc2 Rc7
34. Ke2 c4 35. bxc4 Rxc4 36. Rxc4 dxc4 37. Kd2 Rd5+ 38. Ke2 Rd3 39. Rb2 Ra3 40.
Rc2 c3 41. Kd3 Bxa2 42. Rxc3 Rxc3+ 43. Kxc3 Kf7 44. e4 Be6 45. g5 Bd7 46. Kd4
Bh3 47. Kd5 Bg2 48. f4 Bf3 49. h6 gxh6 50. gxh6 Kg6 51. f5+ Kxh6 52. Kd4 Bxe4
53. Kxe4 Kg7 54. Ke5 Kf7 55. f6 Kf8 56. Kd5 Kf7 57. Kc5 a5 1/2-1/2

[Event "January TNT"]
[Site "Winnipeg CAN"]
[Date "2014.01.14"]
[Round "2.4"]
[White "Lipnowski, Samuel"]
[Black "Wasserman, Leor"]
[Result "1-0"]
[WhiteElo "2224"]
[BlackElo "2021"]
[PlyCount "95"]
[EventDate "2014.01.07"]
[EventType "swiss"]
[EventRounds "4"]
[EventCountry "CAN"]

1. c4 e5 2. g3 Nc6 3. Bg2 Nf6 4. Nf3 Bc5 5. Nc3 O-O 6. O-O d6 7. Na4 Bb6 8.
Nxb6 axb6 9. d3 h6 10. Bd2 Be6 11. Bc3 e4 12. Nd4 Nxd4 13. Bxd4 d5 14. cxd5
Bxd5 15. a3 Re8 16. dxe4 Bxe4 17. e3 Bxg2 18. Kxg2 Ra5 19. Qf3 Ne4 20. Rad1 Rd5
21. h4 c5 22. Bc3 Nxc3 23. bxc3 Ree5 24. c4 Rxd1 25. Rxd1 Qe7 26. Qe2 Qc7 27.
Qd3 Qc6+ 28. Kg1 Qf3 29. Rb1 Rf5 30. Qd2 Rf6 31. Rxb6 Kh7 32. Rxf6 Qxf6 33.
Qd3+ g6 34. Qd5 b6 35. Kg2 Kg7 36. e4 Qb2 37. e5 Qxa3 38. Qb7 Qd3 39. e6 Qf5
40. Qxf7+ Qxf7 41. exf7 Kxf7 42. Kf3 h5 43. Ke4 Ke6 44. f3 Kd6 45. g4 Kc6 46.
g5 b5 47. cxb5+ Kxb5 48. f4 1-0

[Event "January TNT"]
[Site "Winnipeg CAN"]
[Date "2014.01.14"]
[Round "2.4"]
[White "Platt, Alex"]
[Black "Babb, Jeff"]
[Result "0-1"]
[WhiteElo "1975"]
[BlackElo "2166"]
[PlyCount "90"]
[EventDate "2014.01.07"]
[EventType "swiss"]
[EventRounds "4"]
[EventCountry "CAN"]

1. e4 e5 2. Nf3 Nc6 3. Bb5 a6 4. Ba4 Nf6 5. d3 d6 6. c3 g6 7. O-O Bg7 8. Be3
O-O 9. Nbd2 Bd7 10. Bb3 h6 11. h3 Nh5 12. a4 Nf4 13. Bxf4 exf4 14. d4 b5 15.
Bd5 Rb8 16. axb5 axb5 17. Ra6 Ne7 18. Bb3 Qc8 19. Qa1 g5 20. Ra7 Nc6 21. Ra6
Ne7 22. Ra7 Ra8 23. Qa3 Rxa7 24. Qxa7 Ng6 25. Kh2 Re8 26. c4 Qb8 27. Ra1 bxc4
28. Bxc4 Be6 29. Bxe6 fxe6 30. b4 Qxa7 31. Rxa7 Rb8 32. Rxc7 Rxb4 33. Rc6 Bxd4
34. Rxd6 Bxf2 35. Rxe6 Kf7 36. Ra6 Be3 37. Nc4 Rxc4 38. Rxg6 Bg1+ 39. Kh1 Rc1
40. Ne5+ Ke7 41. Nd3 Rd1 42. h4 Bf2+ 43. Kh2 Bg3+ 44. Kh3 h5 45. Nc5 Rh1# 0-1